Grèce Antique - Quiz à Choix Multiples - Statistiques

Statistiques générales
  • Ce quiz a été pris 2 082 fois
  • Le résultat moyen est 9 sur 16
Statistiques - réponses
Question Réponse % Correct
À qui attribue-t-on la formule selon laquelle, dans un triangle rectangle :
a² + b² = c² ?
Pythagore
90%
Quel peuple les Grecs affrontèrent-ils lors des Guerres médiques ? Les Perses
79%
Quel nom porte l'espace public qui accueille les activités sociales, politiques, commerciales de la cité dans la Grèce antique ? L'agora
74%
Qu'est-ce qu'un hoplite ? Un soldat équipé d'une lance et d'un bouclier
73%
Qu'est-ce qu'une acropole ? La partie d'une ville construite sur la zone la plus élevée
64%
Selon le mythe grec, quel était le châtiment de Sisyphe ? Pousser un rocher au sommet d'une montagne, d'où il finit toujours par retomber
62%
Quel nom porte la période historique, faisant suite à la mort d'Alexandre de Grand, durant laquelle la culture grecque se diffusa jusqu'au Proche-Orient ? L'Époque hellénistique
61%
Quel philosophe fut le précepteur d'Alexandre le Grand ? Aristote
60%
Quelle célèbre bataille vit Léonidas Ier mener 300 spartiates contre l'armée de Xerxès Ier ? Bataille des Thermopyles
60%
Qui était Aristophane ? Un dramaturge
59%
De quel domaine Hérodote est-il considéré comme le père ? L'histoire
57%
Qui gagna la Guerre du Péloponnèse ? Sparte
53%
Selon la légende, lors du siège de quelle cité Archimède conçut-il des miroirs géants pour enflammer les voiles des navires romains ? Syracuse
48%
Parmi ces cités, laquelle N'A PAS ÉTÉ fondée par les grecs ? Carthage
38%
Lorsque les jeux Olympiques furent créés, quelle était l'unique épreuve disputée ? La course à pied
29%
Quelle théorie était défendue notamment par les philosophes Leucippe et Démocrite ? Que l'univers est composé d'atomes et de vide
27%
Aucun quiz correspondant
Distribution des résultats
% des personnes avec chaque résultat
Percentile par nombre de réponses
Votre historique - résultats
Vous n’avez pas pris ce quiz